Working effectively with young people: (Record no. 2740)
[ view plain ]
| 000 -LEADER | |
|---|---|
| fixed length control field | 00751nam a2200217 a 4500 |
| 001 - CONTROL NUMBER | |
| control field | 2740 |
| 003 - CONTROL NUMBER IDENTIFIER | |
| rucl marc code | BD-RjUL |
| 005 - DATE AND TIME OF LATEST TRANSACTION | |
| control field | 20211208233617.0 |
| 008 - FIXED-LENGTH DATA ELEMENTS--GENERAL INFORMATION | |
| fixed length control field | 131217s1994 gw ||||| |||| 00| 0 eng d |
| 020 ## - INTERNATIONAL STANDARD BOOK NUMBER | |
| International Standard Book Number | 9820102235 |
| 035 ## - SYSTEM CONTROL NUMBER | |
| System control number | (BD-RjUL)2767 |
| 040 ## - CATALOGING SOURCE | |
| Original cataloging agency | BD-RjUL |
| Language of cataloging | eng |
| Transcribing agency | BD-RjUL |
| Modifying agency | BD-RjUL |
| 041 ## - LANGUAGE CODE | |
| Language code of text/sound track or separate title | eng |
| 082 ## - DEWEY DECIMAL CLASSIFICATION NUMBER | |
| Classification number | 362.7 |
| Author mark and year | WOR 1994 |
| Edition number | 23 |
| 245 ## - TITLE STATEMENT | |
| Title | Working effectively with young people: |
| Remainder of title | a training manual for youth workers, leaders andfacilitators / |
| Statement of responsibility, etc. | Edited by Joseph Veramu |
| 260 ## - PUBLICATION, DISTRIBUTION, ETC. (IMPRINT) | |
| Place of publication, distribution, etc. | Suva, [Fiji] : |
| Name of publisher, distributor, etc. | Community Education Think-Tank in association with IIZ/DVV, |
| Date of publication, distribution, etc. | ©1994 |
| 300 ## - PHYSICAL DESCRIPTION | |
| Pagination | ix, 217 p. : |
| Illustrations | ill.; |
| Size | 26 cm. |
| 650 ## - SUBJECT ADDED ENTRY--TOPICAL TERM | |
| Topical term or geographic name as entry element | Social work with youth -- Pacific Area. |
| 9 (RLIN) | 159314 |
| 700 ## - ADDED ENTRY--PERSONAL NAME | |
| Personal name | Joseph , Veramu |
| 942 ## - ADDED ENTRY ELEMENTS (KOHA) | |
| Source of classification or shelving scheme | Dewey Decimal Classification |
| Koha item type | Books |
| Lost status | Source of classification or shelving scheme | Damaged status | Not for loan | Collection code | Permanent Location | Current Location | Shelving location | Date acquired | Source of acquisition | Cost, normal purchase price | Total Checkouts | Full call number | Date last seen | Copy number | Koha item type |
|---|---|---|---|---|---|---|---|---|---|---|---|---|---|---|---|
| Dewey Decimal Classification | Non-fiction | Central Library, University of Rajshahi | Central Library, University of Rajshahi | 24/03/1998 | social work Dept. | 25.00 | 362.7 WOR 1994 | 17/12/2013 | C-4 | Books | |||||
| Dewey Decimal Classification | Non-fiction | Central Library, University of Rajshahi | Central Library, University of Rajshahi | 24/03/1998 | social work Dept. | 25.00 | 362.7 WOR 1994 | 17/12/2013 | C-3 | Books | |||||
| Dewey Decimal Classification | Non-fiction | Central Library, University of Rajshahi | Central Library, University of Rajshahi | 24/03/1998 | social work Dept. | 25.00 | 362.7 WOR 1994 | 17/12/2013 | C-6 | Books | |||||
| Dewey Decimal Classification | Non-fiction | Central Library, University of Rajshahi | Central Library, University of Rajshahi | 24/03/1998 | social work Dept. | 25.00 | 362.7 WOR 1994 | 17/12/2013 | C-5 | Books | |||||
| Dewey Decimal Classification | Non-fiction | Central Library, University of Rajshahi | Central Library, University of Rajshahi | 24/03/1998 | social work Dept. | 25.00 | 362.7 WOR 1994 | 04/10/2016 | C-7 | Books | |||||
| Dewey Decimal Classification | Non-fiction | Central Library, University of Rajshahi | Central Library, University of Rajshahi | 24/03/1998 | social work Dept. | 25.00 | 362.7 WOR 1994 | 08/11/2016 | C-2 | Books |